Quellen und Studien zur Philosophie
| Contributors: | ; |
|---|---|
| Format: | Print Series/Journal |
| Language: | German |
| Published: |
Berlin
De Gruyter
1971-
Berlin New York, NY de Gruyter 1971-100.2011 Berlin München Boston, Mass. De Gruyter 101.2011-2015 Berlin Boston, Mass. De Gruyter teils |
| In: | Year: 1971 |
| Check availability: | HBZ Gateway |
| Subito Delivery Service: | Order now. |
| Volumes / Articles: | Show volumes/articles. |
| Keywords: |
MARC
| LEADER | 00000cas a2200000 c 4500 | ||
|---|---|---|---|
| 001 | 129300667 | ||
| 003 | DE-627 | ||
| 005 | 20260207123336.0 | ||
| 007 | tu | ||
| 008 | 931114c19719999gw z| m| 0 |0ger c | ||
| 015 | |a 07,A25,0093 |2 dnb | ||
| 016 | 7 | |a 010690158 |2 DE-101 | |
| 016 | 7 | |a 121992-3 |2 DE-600 | |
| 022 | |a 0344-8142 | ||
| 035 | |a (DE-627)129300667 | ||
| 035 | |a (DE-576)002710919 | ||
| 035 | |a (DE-599)ZDB121992-3 | ||
| 035 | |a (OCoLC)1371228912 | ||
| 035 | |a (OCoLC)1080883591 | ||
| 035 | |a (DE-605)HT001238431 | ||
| 040 | |a DE-627 |b ger |c DE-627 |e rakwb | ||
| 041 | |a ger | ||
| 044 | |c XA-DE | ||
| 082 | 0 | 4 | |a 100 |q DE-101 |
| 082 | 0 | 4 | |a 100 |q DE-600 |
| 245 | 0 | 0 | |a Quellen und Studien zur Philosophie |
| 246 | 1 | |i Nebent.: |a QuStPh | |
| 264 | 3 | 1 | |a Berlin |b De Gruyter |c 1971- |
| 264 | 1 | |a Berlin |a New York, NY |b de Gruyter |c 1971-100.2011 | |
| 264 | 2 | 1 | |a Berlin |a München |a Boston, Mass. |b De Gruyter |c 101.2011-2015 |
| 264 | 2 | 1 | |a Berlin |a Boston, Mass. |b De Gruyter |c teils |
| 336 | |a Text |b txt |2 rdacontent | ||
| 337 | |a ohne Hilfsmittel zu benutzen |b n |2 rdamedia | ||
| 338 | |a Band |b nc |2 rdacarrier | ||
| 362 | 0 | |a 1.1971 - | |
| 363 | 0 | 1 | |i 1971 |
| 515 | |a Ersch. unregelmäßig | ||
| 655 | 7 | |a Monografische Reihe |0 (DE-588)4179998-7 |0 (DE-627)104628669 |0 (DE-576)209995106 |2 gnd-content | |
| 700 | 1 | |a Halfwassen, Jens |d 1958-2020 |e Hrsg. |0 (DE-588)112558577 |0 (DE-627)396448259 |0 (DE-576)167086383 |4 edt | |
| 700 | 1 | |a Wieland, Wolfgang |d 1933-2015 |e Hrsg. |0 (DE-588)120346443 |0 (DE-627)080617670 |0 (DE-576)21317166X |4 edt | |
| 889 | |w (DE-603)000969516 | ||
| 889 | |w (DE-627)1871340667 | ||
| 935 | |a mteo | ||
| 935 | |i sdedup20220824 | ||
| 936 | s | n | |a c100 |2 mzub |
| 951 | |a ST | ||
| ELC | |b 1 | ||
| LOK | |0 000 xxxxxcx a22 zn 4500 | ||
| LOK | |0 001 247868733X | ||
| LOK | |0 003 DE-627 | ||
| LOK | |0 004 129300667 | ||
| LOK | |0 005 20020115000000 | ||
| LOK | |0 008 891124||||||||||||||||ger||||||| | ||
| LOK | |0 040 |a DE-21 |c DE-627 |d DE-21 | ||
| LOK | |0 852 |a DE-21 | ||
| LOK | |0 852 1 |9 00 | ||
| LOK | |0 866 |x ANK | ||
| LOK | |0 935 |a konv | ||
| LOK | |0 939 |a 24-11-89 |b l01 | ||
| LOK | |0 000 xxxxxcx a22 zn 4500 | ||
| LOK | |0 001 2478687348 | ||
| LOK | |0 003 DE-627 | ||
| LOK | |0 004 129300667 | ||
| LOK | |0 005 20041209000000 | ||
| LOK | |0 008 041209||||||||||||||||ger||||||| | ||
| LOK | |0 040 |a DE-21-112 |c DE-627 |d DE-21-112 | ||
| LOK | |0 852 |a DE-21-112 | ||
| LOK | |0 852 1 |m p |9 00 | ||
| LOK | |0 938 |k p | ||
| LOK | |0 939 |a 09-12-04 |b l01 | ||
| LOK | |0 000 xxxxxcx a22 zn 4500 | ||
| LOK | |0 001 2478687356 | ||
| LOK | |0 003 DE-627 | ||
| LOK | |0 004 129300667 | ||
| LOK | |0 005 20020115000000 | ||
| LOK | |0 008 981204||||||||||||||||ger||||||| | ||
| LOK | |0 040 |a DE-21-31 |c DE-627 |d DE-21-31 | ||
| LOK | |0 852 |a DE-21-31 | ||
| LOK | |0 852 1 |c Einzelsignatur |m p |9 00 | ||
| LOK | |0 938 |k p | ||
| LOK | |0 939 |a 04-12-98 |b l01 | ||
| LOK | |0 000 xxxxxcx a22 zn 4500 | ||
| LOK | |0 001 2478687364 | ||
| LOK | |0 003 DE-627 | ||
| LOK | |0 004 129300667 | ||
| LOK | |0 005 20100316142604 | ||
| LOK | |0 008 931006||||||||||||||||ger||||||| | ||
| LOK | |0 040 |a DE-21-35 |c DE-627 |d DE-21-35 | ||
| LOK | |0 852 |a DE-21-35 | ||
| LOK | |0 852 1 |c Einzelsignatur |m p |9 00 | ||
| LOK | |0 938 |k p | ||
| LOK | |0 939 |a 06-10-93 |b l01 | ||
| LOK | |0 000 xxxxxcx a22 zn 4500 | ||
| LOK | |0 001 2478687372 | ||
| LOK | |0 003 DE-627 | ||
| LOK | |0 004 129300667 | ||
| LOK | |0 005 20030923000000 | ||
| LOK | |0 008 030923||||||||||||||||ger||||||| | ||
| LOK | |0 040 |a DE-21-39 |c DE-627 |d DE-21-39 | ||
| LOK | |0 852 |a DE-21-39 | ||
| LOK | |0 852 1 |m p |9 00 | ||
| LOK | |0 935 |a k039 | ||
| LOK | |0 938 |k p | ||
| LOK | |0 939 |a 23-09-03 |b l01 | ||
| LOK | |0 000 xxxxxcx a22 zn 4500 | ||
| LOK | |0 001 2478687380 | ||
| LOK | |0 003 DE-627 | ||
| LOK | |0 004 129300667 | ||
| LOK | |0 005 20020115000000 | ||
| LOK | |0 008 930928||||||||||||||||ger||||||| | ||
| LOK | |0 040 |a DE-21-108 |c DE-627 |d DE-21-108 | ||
| LOK | |0 092 |o l | ||
| LOK | |0 852 |a DE-21-108 | ||
| LOK | |0 852 1 |m p |9 00 | ||
| LOK | |0 938 |k p | ||
| LOK | |0 939 |a 28-09-93 |b l01 | ||
| LOK | |0 000 xxxxxcx a22 zn 4500 | ||
| LOK | |0 001 2478687399 | ||
| LOK | |0 003 DE-627 | ||
| LOK | |0 004 129300667 | ||
| LOK | |0 005 20030616000000 | ||
| LOK | |0 008 030616||||||||||||||||ger||||||| | ||
| LOK | |0 040 |a DE-21-45 |c DE-627 |d DE-21-45 | ||
| LOK | |0 852 |a DE-21-45 | ||
| LOK | |0 852 1 |m p |9 00 | ||
| LOK | |0 935 |a i045 |a k045 | ||
| LOK | |0 938 |k p | ||
| LOK | |0 939 |a 16-06-03 |b l01 | ||
| LOK | |0 000 xxxxxcx a22 zn 4500 | ||
| LOK | |0 001 2522868438 | ||
| LOK | |0 003 DE-627 | ||
| LOK | |0 004 129300667 | ||
| LOK | |0 005 20061213110703 | ||
| LOK | |0 008 061213||||||||||||||||ger||||||| | ||
| LOK | |0 040 |a DE-21-93 |c DE-627 |d DE-21-93 | ||
| LOK | |0 852 |a DE-21-93 | ||
| LOK | |0 852 1 |m p |9 00 | ||
| LOK | |0 935 |a i093 |a k093 |a kneu | ||
| LOK | |0 938 |k p | ||
| LOK | |0 939 |a 13-12-06 |b l01 | ||
| LOK | |0 000 xxxxxcx a22 zn 4500 | ||
| LOK | |0 001 2558960857 | ||
| LOK | |0 003 DE-627 | ||
| LOK | |0 004 129300667 | ||
| LOK | |0 005 20071219100708 | ||
| LOK | |0 008 071219||||||||||||||||ger||||||| | ||
| LOK | |0 040 |a DE-21-46 |c DE-627 |d DE-21-46 | ||
| LOK | |0 852 |a DE-21-46 | ||
| LOK | |0 852 1 |m p |9 00 | ||
| LOK | |0 935 |a k046 |a i046 |a kneu | ||
| LOK | |0 938 |k p | ||
| LOK | |0 939 |a 19-12-07 |b l01 | ||
| LOK | |0 000 xxxxxcx a22 zn 4500 | ||
| LOK | |0 001 2594342785 | ||
| LOK | |0 003 DE-627 | ||
| LOK | |0 004 129300667 | ||
| LOK | |0 005 20090318132109 | ||
| LOK | |0 008 090309||||||||||||||||ger||||||| | ||
| LOK | |0 040 |a DE-21-121 |c DE-627 |d DE-21-121 | ||
| LOK | |0 852 |a DE-21-121 | ||
| LOK | |0 852 1 |m p |9 00 | ||
| LOK | |0 938 |k p | ||
| LOK | |0 939 |a 09-03-09 |b l01 | ||
| LOK | |0 000 xxxxxcx a22 zn 4500 | ||
| LOK | |0 001 2786761867 | ||
| LOK | |0 003 DE-627 | ||
| LOK | |0 004 129300667 | ||
| LOK | |0 005 20140312171242 | ||
| LOK | |0 008 140312||||||||||||||||ger||||||| | ||
| LOK | |0 040 |a DE-21-32c |c DE-627 |d DE-21-32c | ||
| LOK | |0 852 |a DE-21-32c | ||
| LOK | |0 852 1 |m p |9 00 | ||
| LOK | |0 935 |a k32c |a i32c | ||
| LOK | |0 938 |k p | ||
| LOK | |0 939 |a 12-03-14 |b l01 | ||
| LOK | |0 000 xxxxxcx a22 zn 4500 | ||
| LOK | |0 001 3013077700 | ||
| LOK | |0 003 DE-627 | ||
| LOK | |0 004 129300667 | ||
| LOK | |0 005 20180620104116 | ||
| LOK | |0 008 180620||||||||||||||||ger||||||| | ||
| LOK | |0 040 |a DE-21-123 |c DE-627 |d DE-21-123 | ||
| LOK | |0 852 |a DE-21-123 | ||
| LOK | |0 852 1 |m p |9 00 | ||
| LOK | |0 938 |k p | ||
| LOK | |0 939 |a 20-06-18 |b l01 | ||
| LOK | |0 000 xxxxxcx a22 zn 4500 | ||
| LOK | |0 001 2478687909 | ||
| LOK | |0 003 DE-627 | ||
| LOK | |0 004 129300667 | ||
| LOK | |0 005 19931008000000 | ||
| LOK | |0 008 931008||||||||||||||||ger||||||| | ||
| LOK | |0 040 |a DE-Frei85 |c DE-627 |d DE-Frei85 | ||
| LOK | |0 852 |a DE-Frei85 | ||
| LOK | |0 852 1 |m p |9 00 | ||
| LOK | |0 938 |k p | ||
| LOK | |0 939 |a 08-10-93 |b l01 | ||
| ORI | |a SA-MARC-krimdokb001.raw | ||
| SPR | |a 1 |t KRI | ||
